| 000 | 01209cad a22002175a 4500 | ||
|---|---|---|---|
| 001 | L149281 | ||
| 008 | 100217s2010 xxk f 000 0 eng d | ||
| 035 | _a(Sirsi) u149281 | ||
| 041 | 0 | _aeng | |
| 100 | 1 | _aRoberts, James | |
| 245 | 0 | 0 |
_aFighting back _brepossession compensation claims against surveyors _h[electronic resource] |
| 260 | _c2010 | ||
| 490 |
_aRICS Residential Property Journal _vJan-Feb 2010, 8-9(2) |
||
| 520 | _aSurveyors facing claims from mortgage lenders unable to realise the value at sale of repossessed properties may be able defend their position by claiming contributory negligence. A bad lending decision can enable the surveyor to defeat a claim entirely or achieve a substantial reduction in any damages awarded. Then of course, the next step is to investigate how much of the claim can be passed onto the lender's solicitor and the mortgage broker. | ||
| 590 | _aKA | ||
| 651 | 4 |
_aEngland and Wales _y1543- |
|
| 690 | _aPROPERTY-RESIDENTIAL PROPERTY-ACQUISITION AND DISPOSAL OF RESIDENTIAL PROPERTY | ||
| 700 | _aOliver, Samantha | ||
| 856 | 4 | 0 |
_uhttps://www.rics.org/site/download_feed.aspx?fileID=5567 _zView this item (member-only access) at www.rics.org |
| 942 | _n0 | ||
| 999 |
_c82108 _d82108 |
||